[Event "Marmaris Karya-14 IM 2022"]
[Site "Icmeler-Marmaris"]
[Date "2022.01.31"]
[Round "5.5"]
[White "Kizilkus, Akin"]
[Black "Darban, Morteza"]
[Result "1-0"]
[WhiteElo "2275"]
[BlackElo "2261"]
[Annotator "TA"]
[PlyCount "91"]
[EventDate "2022.02.01"]
[EventType "schev"]
[EventCountry "TUR"]
[SourceTitle "playchess.com"]
[Source "ChessBase"]
[SourceQuality "1"]

{[%evp 25,91,46,23,23,84,84,100,93,97,85,97,81,106,97,95,33,101,95,96,0,102,0,100,92,156,97,151,89,139,148,229,233,227,212,230,232,237,221,360,292,370,203,570,285,287,361,596,577,825,796,837,827,997,942,1433,1431,1318,1255,2108,2058,1893,1823,1750,1687,2483,2404,2956,2721]} 1. d4 Nf6 2. c4 e6 3. Nc3 c5 4. d5 exd5 5. cxd5 d6 6. e4 g6 7. f4 Bg7 8. Bb5+ Nfd7 9. a4 O-O 10. Nf3 Na6 11. O-O Nb4 12. Re1 a6 13. Bf1 Re8 14. Be3 {A67: Modern Benoni: Taimanov Variation.} b6 (14... Nf6 $1 $11) 15. Bf2 $16 Bb7 16. Bc4 {[#] White is better.} f6 $146 ({Predecessor:} 16... h6 17. Bh4 Qc7 18. Rc1 Kh7 19. Qd2 Rf8 20. Re2 Rae8 21. Rce1 b5 22. axb5 Nb6 {1-0 (41) Grotnes,N (2295)-Wibe,T (2330) Bronnoysund 1990}) 17. Bh4 {[%cal Oe4e5]} Qc7 18. Qd2 Kh8 19. Re2 Rf8 20. Rae1 ({Better is} 20. Re3 $16) 20... Rae8 (20... Bh6 $1 $14) 21. Bg3 Qd8 22. Bh4 (22. b3 $16) 22... Qb8 (22... Qc7 $11 {remains equal.}) 23. Bg3 (23. Qd1 $16) 23... Rf7 (23... Qd8 $1 $11 {keeps the balance.}) 24. h4 {Black is now going downhill.} Rfe7 ({Black should try} 24... Rff8) 25. Re3 (25. e5 $142) 25... Bc8 (25... Bh6 $142) 26. Kh2 {White is more active.} (26. h5 $142 $1) 26... Bb7 ({Black should play} 26... Bh6) 27. h5 gxh5 {[#]} (27... Bh6 $16 {was necessary.}) 28. Nh4 $1 $18 Nf8 29. Be2 Bc8 30. Bxh5 {Hoping for e5.} Rd8 31. Rd1 b5 (31... Bd7 $142 32. e5 fxe5) 32. axb5 {[%cal Oe4e5] aiming for e5!} axb5 33. Qe2 (33. e5 $142) 33... Rb7 $2 (33... c4 34. Nf3 Ng6) 34. Nf3 {[%cal Bh4f3,Bf3d4,Bd4c6][%mdl 32]} c4 35. e5 Nd3 $2 (35... dxe5 36. fxe5 f5) 36. e6 {White is clearly winning.} Re7 37. Nd4 Ba6 38. Nc6 Qc7 39. Ra1 Nc5 {[#]} 40. Rxa6 $1 {[%mdl 512]} Nxa6 41. Nxb5 Qb6 42. Nxe7 Qxb5 43. Nc6 Ra8 44. e7 {Threatens to win with Nd8.} Qxd5 45. Bf3 {A strong pair of Bishops.} Qc5 46. Nd8 {Weighted Error Value: White=0.42/Black=0.70} 1-0

[Event "Marmaris Karya-14 IM 2022"]
[Site "Icmeler-Marmaris"]
[Date "2022.02.03"]
[Round "6.1"]
[White "Rasulov, Vugar"]
[Black "Boshra, Alshaeby"]
[Result "1-0"]
[WhiteElo "2453"]
[BlackElo "1974"]
[Annotator "TA"]
[PlyCount "57"]
[EventDate "2022.02.01"]
[EventType "schev"]
[EventCountry "TUR"]
[SourceTitle "playchess.com"]
[Source "ChessBase"]
[SourceQuality "1"]

{[%evp 26,57,-4,-6,31,20,73,77,85,85,154,128,248,227,229,145,147,133,146,144,592,585,595,573,579,556,562,492,2206,2118,29976,29960,29991,29992]} 1. c4 Nf6 2. Nc3 g6 3. g3 Bg7 4. Bg2 O-O 5. Nf3 d6 6. O-O e5 7. d3 Nc6 8. Rb1 a5 9. a3 Re8 10. Bg5 h6 11. Bxf6 Bxf6 12. b4 axb4 13. axb4 Bg7 14. b5 Nb8 {A26: English Opening vs King's Indian with ...Nc6 and d3.} 15. Nd5 {[#]} e4 $146 (15... Nd7 $11) ({Predecessor:} 15... Nd7 16. Nd2 Nf6 17. Nc3 h5 18. Qc2 h4 19. Ra1 Rb8 20. Ra7 hxg3 21. hxg3 Bh6 {0-1 (44) Kalyndu,A (2124)-Lavrov,M (2338) Novokuznetsk 2008}) 16. dxe4 $16 Rxe4 {White is better.} 17. Nd2 Rd4 (17... Re8 $142) 18. Qc2 c6 (18... Nd7 $16) 19. bxc6 $18 Nxc6 20. h3 Na5 {[#]} 21. Nb6 $1 {White is more active. Pair of Knights!} Bf5 22. e4 Ra6 $2 {[%mdl 8192] Black cannot hold the game after this.} (22... Be6 $16) 23. exf5 Rxb6 24. Rxb6 Qxb6 25. fxg6 fxg6 26. Nf3 Rxc4 (26... Kh7 $142 27. Nxd4 Qxd4) 27. Qxg6 {[%cal Of3g5] Threatening mate with Ng5!} Qd8 {Inhibits Ng5.} 28. Re1 Rc8 {[#]} 29. Ng5 $1 {[%mdl 512] Weighted Error Value: White=0.14 (very precise) /Black=1.53} 1-0

[Event "Marmaris Karya-14 IM 2022"]
[Site "Icmeler-Marmaris"]
[Date "2022.02.03"]
[Round "6.2"]
[White "Mammadov, Zaur"]
[Black "Haussernot, Cecile"]
[Result "1-0"]
[WhiteElo "2417"]
[BlackElo "2188"]
[Annotator "TA"]
[PlyCount "37"]
[EventDate "2022.02.01"]
[EventType "schev"]
[EventCountry "TUR"]
[SourceTitle "playchess.com"]
[Source "ChessBase"]
[SourceQuality "1"]

{[%evp 14,37,-10,-13,0,0,129,117,256,233,362,336,455,447,541,500,781,766,746,750,999,1012,1520,1483,1531,1529]} 1. e4 {[%cal Be2e4,Be4e5][%mdl 32]} c5 2. c3 {[%cal Bc2c3,Bc3d4,Bd4d5][%mdl 32]} Nf6 3. e5 Nd5 4. Nf3 Nc6 5. d4 cxd4 6. cxd4 d6 7. exd6 Qxd6 8. Nc3 Bf5 {B22: Sicilian: 2 c3.} 9. Bc4 {[%cal Bf1c4,Bc4e2,Be2b5][%mdl 32]} Ndb4 (9... Nb6 $11 {remains equal.} 10. Bd3 Bxd3 11. Qxd3 e6) 10. O-O $16 {[#] And now d5 would win.} a6 $146 (10... e6 $16) ({Predecessor:} 10... Nc2 11. Nb5 Qd8 12. d5 Na5 13. d6 exd6 14. Bxf7+ Kxf7 15. Qd5+ Kg6 16. Bg5 Qd7 {1-0 (32) Bortnyk,O (2165)-Sergienko,V (2102) Kramatorsk 2007}) 11. d5 b5 (11... Bc2 $142 12. Qd2 Na5) 12. Be2 $18 ({Less strong is} 12. dxc6 Qxd1 13. Bxf7+ (13. Rxd1 bxc4 14. Bf4 f6 $11) 13... Kxf7 $16) 12... Na5 13. Nd4 {To avoid Nc2. White is clearly winning.} Bg6 14. a3 Nxd5 {[#]} (14... Nc2 $142 15. Nxc2 Nb3) 15. Ndxb5 $1 {[%mdl 512]} axb5 16. Bxb5+ ({Not} 16. Qxd5 Qxd5 17. Nxd5 O-O-O $16) ({Weaker is} 16. Nxd5 f6 17. Bxb5+ Kf7 $18) 16... Kd8 17. Nxd5 Rb8 {[#]} 18. Qa4 $1 Nb7 {[#]} (18... Nb3 19. Qxb3) 19. Be3 $1 {Black got outplayed after the opening.  Weighted Error Value: White=0.07 (flawless) /Black=1.13} 1-0

[Event "Marmaris Karya-14 IM 2022"]
[Site "Icmeler-Marmaris"]
[Date "2022.02.03"]
[Round "6.3"]
[White "Sibashvili, Giorgi"]
[Black "Ozsakallioglu, Okan"]
[Result "1-0"]
[WhiteElo "2398"]
[BlackElo "2179"]
[Annotator "TA"]
[PlyCount "95"]
[EventDate "2022.02.01"]
[EventType "schev"]
[EventCountry "TUR"]
[SourceTitle "playchess.com"]
[Source "ChessBase"]
[SourceQuality "1"]

{[%evp 14,95,15,0,28,22,32,26,26,23,24,16,27,0,8,0,30,8,17,0,16,0,0,0,0,0,0,0,0,0,0,0,0,0,72,-10,0,0,0,-2,294,294,294,293,286,268,291,256,256,253,253,254,258,242,279,279,279,279,440,411,531,503,457,450,29965,29966,29965,29965,29965,29966,29964,29967,29969,1486,29969,29968,29971,29972,29972,29972,29970,29969,6087,4622]} 1. c4 e5 2. g3 Nc6 3. Bg2 g6 4. Nc3 Bg7 5. Rb1 a5 6. a3 d6 7. b4 axb4 8. axb4 Nce7 {A25: English Opening vs King's Indian with ...Nc6 but without early d3.} 9. d3 {[#]} h6 $146 ({Predecessor:} 9... f5 10. h4 Nf6 11. Bd2 c6 12. Qc1 h6 13. Nf3 Be6 14. b5 Qc7 15. O-O Ng4 16. Ne1 {1-0 (41) Zwardon,V (2297)-Uricar,J (2212) Czech Republic 2012}) 10. Qb3 Nf6 {White has an edge.} 11. Nf3 O-O 12. O-O Be6 13. Nd2 d5 14. b5 Re8 15. Bb2 c6 16. Ra1 Rxa1 17. Rxa1 Nf5 18. bxc6 bxc6 19. Qb7 Qb8 20. Ra7 Nd6 21. Qxb8 Rxb8 22. Ba3 {[%cal Bb2a3,Ba3d6,Bd6f8,Bf8h6][%mdl 32]} Bf8 23. Ra6 {aiming for cxd5.} dxc4 (23... Nf5 $11 {remains equal.}) 24. Rxc6 {[#]} (24. Bxd6 $16 Bxd6 25. Nxc4) 24... cxd3 $1 25. Bxd6 Rb2 26. Bxf8 Rxd2 $2 {[%mdl 8192] This move loses the game for Black.} (26... Kxf8 $11 27. Ncb1 (27. exd3 Rxd2 28. Bf1 Rc2 $15) (27. Nf3 d2 $11) 27... dxe2) 27. Bxh6 $18 Rd1+ 28. Bf1 (28. Nxd1 $2 {is the wrong capture.} dxe2 29. Ne3 (29. Rc8+ $2 Bxc8 30. Ne3 e1=Q+ $19) 29... e1=Q+ 30. Nf1 Ng4 $19) 28... dxe2 29. Nxe2 {Strongly threatening Nc3.} Ng4 {[#]} 30. Rc1 $1 Rxf1+ 31. Kxf1 Nxh6 {[%mdl 4096] Endgame KRN-KBN} 32. Rc5 f6 33. Rc7 Nf7 34. Nc3 Kg7 35. Ne4 Bd5 (35... g5 {was worth a try.} 36. f3 Bd5) 36. Nd6 f5 37. Nxf7 Bxf7 {KR-KB} 38. f4 exf4 (38... e4 $18 39. Kf2 Kf6) 39. gxf4 Kf6 40. Rc6+ Kg7 41. Kf2 Kh6 42. Ke3 Be8 43. Re6 (43. Rf6 $142 Ba4 44. Kd4 Kh5 45. Rf8 Kg4 46. Ke5 Bb3 47. Rb8 Bc4 48. Rb7) 43... Bf7 44. Rf6 Ba2 45. Kd4 Bb1 46. Ke5 Be4 47. Rb6 Kh5 48. Rb8 {Weighted Error Value: White=0.07 (flawless) /Black=0.56} 1-0

[Event "Marmaris Karya-14 IM 2022"]
[Site "Icmeler-Marmaris"]
[Date "2022.02.03"]
[Round "6.4"]
[White "Darban, Morteza"]
[Black "Gunduz, Umut Erdem"]
[Result "1-0"]
[WhiteElo "2261"]
[BlackElo "2252"]
[Annotator "TA"]
[PlyCount "67"]
[EventDate "2022.02.01"]
[EventType "schev"]
[EventCountry "TUR"]
[SourceTitle "playchess.com"]
[Source "ChessBase"]
[SourceQuality "1"]

{[%evp 13,67,0,7,6,37,20,61,16,33,35,63,70,60,0,4,0,0,0,0,0,15,9,9,-10,47,47,47,52,34,47,92,29,50,10,27,0,272,281,318,310,300,276,260,256,897,897,1006,982,2022,1737,29985,945,29986,29987,29992,29993]} 1. e4 e5 2. Nf3 Nc6 3. Bb5 a6 4. Bxc6 dxc6 5. Nc3 Bd6 6. d4 exd4 {The main line 6...exd4 scores better than 6...Bg4.} 7. Qxd4 f6 $1 8. Ne2 {C68: Ruy Lopez: Exchange Variation, sidelines.} (8. Be3 Ne7 9. O-O Ng6 10. Nd2 Be6 11. f4 Bxf4 12. Qxd8+ Rxd8 13. Rxf4 Nxf4 14. Bxf4 Rd7 15. Nf3 O-O 16. a3 {1-0 (100) Darban,M (2261)-Gunduz,U (2193) Kirsehir 2021}) 8... Qe7 {[#]} 9. Bf4 $146 ({Predecessor:} 9. Be3 Bd7 10. O-O-O c5 11. Qc3 O-O-O 12. Rhe1 b6 13. Nf4 Kb7 14. Nd5 Qe6 15. Nd2 Ne7 {1-0 (34) Kracht,R (1976)-Bender,F (1678) Willingen 2019}) 9... Bc5 (9... Nh6 $11 {deserves consideration.}) 10. Qd3 {White is more active.} (10. Qd2 $1 $14 {feels stronger.}) 10... Be6 11. a3 g5 {[%cal Bg7g5,Bg5g4][%mdl 32]} 12. Bg3 Nh6 13. h4 (13. O-O-O $14) 13... g4 $1 $11 14. Nfd4 {[%cal Og3c7]} O-O-O 15. O-O-O Nf7 16. Qc3 $36 {[%mdl 2048] White has good play.} ({Reject} 16. Nxc6 bxc6 17. Qxa6+ Kb8 18. Qxc6 Ne5 $17) 16... Bd6 17. Rhe1 Be5 18. Qe3 Nd6 (18... Kb8 $11) 19. Bxe5 $14 fxe5 20. Nxe6 Qxe6 21. Qa7 b6 {[#]} (21... Kd7 $14 {should be considered.}) 22. Kb1 ({Don't play} 22. Qxa6+ $6 Kb8 23. Nc3 Rhf8 $11) (22. Ng3 $1 $16 {[%cal Rg3f5] Hoping for Nf5!} Kd7 23. Qxa6) 22... Rhf8 23. Rf1 ({Much worse is} 23. Qxa6+ Kb8 $11) 23... Qc4 24. Ng3 {[%cal Og3f5] Black must now prevent Nf5!} Rf6 {[%mdl 8192] To avoid Nf5} (24... Kd7 $1 $11) 25. f3 $18 {[%cal Bf2f3,Bf3g4][%mdl 32]} Rdf8 26. Nf5 Rxf5 27. exf5 {Dancing on a razor blade.} Rxf5 28. b3 Qe2 $2 (28... Qe6 29. Qxa6+ Kd7 30. fxg4 Rxf1 31. Qxf1 Qxg4) 29. Rfe1 {[%cal Bf1e1,Be1e5,Be5e8][%mdl 32]} Qxg2 30. fxg4 Rf2 31. Rxe5 {[#] White threatens Qa8+ and mate.} Rd2 32. Qa8+ Kd7 33. Rde1 {[%csl Ge1][%cal Re5e7]} Nc8 34. Re8 {Weighted Error Value: White=0.13 (very precise) /Black=0.59} 1-0

[Event "Marmaris Karya-14 IM 2022"]
[Site "Icmeler-Marmaris"]
[Date "2022.02.03"]
[Round "6.5"]
[White "Ahmad, Al Khatib"]
[Black "Kizilkus, Akin"]
[Result "1/2-1/2"]
[WhiteElo "2218"]
[BlackElo "2275"]
[Annotator "TA"]
[PlyCount "59"]
[EventDate "2022.02.01"]
[EventType "schev"]
[EventCountry "TUR"]
[SourceTitle "playchess.com"]
[Source "ChessBase"]
[SourceQuality "1"]

{[%evp 13,59,7,0,5,20,8,9,18,6,1,1,12,5,14,25,12,21,21,22,43,67,58,43,1,13,0,0,0,0,-10,0,-50,-52,-44,-33,-45,-52,-48,-50,-83,-25,-27,-19,-21,-37,-30,-20,-55]} 1. e4 e6 2. d4 d5 3. exd5 exd5 4. Nf3 Bd6 5. c4 Nf6 6. Nc3 O-O 7. cxd5 Nbd7 8. Bg5 {C01: French: Exchange Variation.} h6 9. Bh4 {Active counter play!} Nb6 10. Be2 Be7 11. Bxf6 Bxf6 12. Qb3 a5 13. O-O {[#]} Bf5 $146 ({Predecessor:} 13... a4 14. Qb5 Bd7 15. Qd3 Ra5 16. b4 axb3 17. axb3 Rxa1 18. Rxa1 Re8 19. Qd2 Be7 {½-½ (33) Tedesco,M (2278)-Webster,R (2266) ICCF email 2018}) 14. Ne5 Qe7 (14... a4 $5 {[%cal Ra4b3]} 15. Qb5 a3 $11) 15. Bf3 Bxe5 16. dxe5 {Threatens to win with Rfe1.} Qxe5 17. Rfe1 Qf4 18. d6 (18. Nb5 $14) 18... Qxd6 19. Nb5 Qd7 {...Be6 is the strong threat.} 20. Red1 Qe7 21. Rac1 a4 22. Qc3 (22. Qa3 $11 Qxa3 23. bxa3) 22... c6 $15 23. Re1 Qd7 24. Rcd1 Nd5 25. Bxd5 cxd5 26. Nc7 {[#]} Rac8 (26... Rfc8 $1 $17 {[%cal Rc8c7]} 27. Rxd5 {[#]} Rxc7 $1) 27. Rxd5 $11 {[#]} Rxc7 28. Qa5 Qc8 29. Rxf5 Rc2 30. Rfe5 {Weighted Error Value: White=0.08 (flawless) /Black=0.06 (flawless)} 1/2-1/2

[Event "Marmaris Karya-14 IM 2022"]
[Site "Icmeler-Marmaris"]
[Date "2022.01.31"]
[Round "7.1"]
[White "Boshra, Alshaeby"]
[Black "Mammadov, Zaur"]
[Result "0-1"]
[WhiteElo "1974"]
[BlackElo "2417"]
[Annotator "TA"]
[PlyCount "72"]
[EventDate "2022.02.01"]
[EventType "schev"]
[EventCountry "TUR"]
[SourceTitle "playchess.com"]
[Source "ChessBase"]
[SourceQuality "1"]

{[%evp 10,72,11,5,35,27,38,18,37,21,29,40,76,72,118,118,123,119,133,121,135,132,139,95,91,-92,-77,-92,-61,-193,-189,-200,-82,-197,-205,-190,-114,-389,-405,-405,-389,-502,-443,-616,-675,-760,-752,-758,-756,-1046,-1045,-1029,-999,-1340,-1007,-1168,-1158,-1058,-1021,-1409,-1407,-5814,-2765,-29991,-29988]} 1. e4 c6 2. d4 d5 3. e5 Bf5 4. Nd2 e6 5. Nb3 Nd7 6. Nf3 h6 {B12: Caro-Kann: Advance Variation.} 7. Be2 Ne7 8. O-O Qc7 {The position is equal.} 9. a4 g5 10. Bd2 Ng6 11. Ne1 {[#] Hoping for g4.} Nf4 (11... Ne7 $142) 12. Bxf4 $16 gxf4 13. Bd3 (13. Nd3 $6 c5 $11) 13... Bxd3 14. Nxd3 {[#]} ({Much less strong is} 14. cxd3 $6 a5 $11) 14... h5 $146 ({Predecessor:} 14... c5 15. Nxf4 cxd4 16. Re1 Bg7 17. Nxd4 O-O 18. Qg4 Qd8 19. h4 Kh7 20. Nh5 Bh8 {1-0 (48) Pijpers,A (2471)-Van Vliet,J (2360) Leiden 2018}) 15. Nxf4 O-O-O 16. Qe1 (16. Nxh5 $142 c5 17. c3) 16... c5 17. c4 $2 (17. a5 $16 {keeps the pressure on.}) 17... dxc4 $17 18. Na5 Bh6 19. Ne2 (19. Nxc4 $15 Bxf4 20. Qe4 Bxh2+ 21. Kxh2) 19... Nb6 $19 ({Worse is} 19... cxd4 20. Nxd4 a6 21. f4 $15) 20. Nc3 a6 {Inhibits Nb5.} ({Weaker is} 20... Rxd4 21. Nb5 Qd7 22. Qe2 $11) (20... cxd4 $19 {is more deadly.} 21. Nb5 Qc5) 21. Ne4 (21. dxc5 $17 {is the only way for White.} Qxc5 22. Ne4 Qxe5 23. Qb4) 21... cxd4 22. f4 {[%cal Oa5c4]} d3 ({Better is} 22... Kb8 $19 {...d3 is the strong threat.} 23. Rc1 Rhg8) 23. Qc3 $2 {[%mdl 8192]} (23. Nd6+ $17 Rxd6 24. exd6 Qxd6 25. Qc3 Qc5+ 26. Kh1) 23... Kb8 24. b4 Bf8 {[%cal Bh6f8,Bf8d6,Bd6e5][%mdl 32] To avoid Nc5} 25. Rfb1 Rg8 26. Nf6 Rg6 27. Ra2 {[#]} Rxf6 {[%mdl 512]} 28. exf6 Qxf4 29. Rd1 Bd6 30. g3 Qg4 31. Qd2 Be5 {And now ...Qf3 would win.} 32. Rf1 c3 33. Qg2 Rd7 {Threatens to win with ...d2.} 34. b5 d2 35. Nc6+ bxc6 36. Qxc6 Qd4+ {Weighted Error Value: White=1.18/Black=0.31} 0-1

[Event "Marmaris Karya-14 IM 2022"]
[Site "Icmeler-Marmaris"]
[Date "2022.01.31"]
[Round "7.2"]
[White "Haussernot, Cecile"]
[Black "Sibashvili, Giorgi"]
[Result "0-1"]
[WhiteElo "2188"]
[BlackElo "2398"]
[Annotator "TA"]
[PlyCount "72"]
[EventDate "2022.02.01"]
[EventType "schev"]
[EventCountry "TUR"]
[SourceTitle "playchess.com"]
[Source "ChessBase"]
[SourceQuality "1"]

{[%evp 18,72,39,28,36,0,5,7,0,0,4,-28,-18,-14,-17,-14,-17,-33,-35,-52,-27,-38,-43,-177,-181,-174,-174,-150,-172,-174,-165,-152,-190,-137,-135,-237,-237,-263,-256,-262,-264,-255,-257,-371,-371,-372,-376,-368,-367,-639,-637,-642,-587,-652,-626,-691,-675]} 1. d4 Nf6 2. c4 g6 3. Nc3 Bg7 4. e4 d6 5. f3 O-O 6. Be3 a6 7. Qd2 Nbd7 8. Bd3 c6 9. Nge2 b5 10. O-O Bb7 11. b4 e5 12. cxb5 exd4 {The position is equal.} 13. Nxd4 cxb5 14. a4 bxa4 15. Rxa4 d5 16. exd5 Nb6 {[%cal Bd7b6,Bb6c4,Bc4d2,Bd2f1][%mdl 32]} 17. Raa1 Nfxd5 18. Nxd5 Qxd5 19. Be4 Qd7 20. Bxb7 {[#] White does not recover from this.} (20. Rac1 $1 $15) 20... Nc4 $1 $19 21. Bc6 Nxd2 22. Bxd7 {A strong pair of Bishops.} Nxf1 23. Kxf1 {Strongly threatening Rd1.} Rad8 24. Rxa6 {[#] Threatens to win with Ra7.} Rxd7 25. Nc6 Re8 26. Bc5 (26. Ra3 $17 {keeps fighting.}) 26... Bf8 27. Bxf8 {And now Bc5 would win.} Rd1+ ({And not} 27... Kxf8 28. Ra2 $17) 28. Kf2 {aiming for Bh6.} Rd2+ ({Stronger than} 28... Rxf8 29. g4 $17) ({Not} 28... Kxf8 29. Ra2 $17) 29. Kg3 {Bh6 is the strong threat.} Kxf8 {[%mdl 4096] Endgame KRR-KRN} 30. b5 (30. Ra1 {was worth a try.}) 30... Ree2 31. b6 Rxg2+ 32. Kf4 Rb2 33. Ra8+ $2 (33. Na5 Rxh2 34. Ra8+ Kg7 35. b7) 33... Kg7 {Black is clearly winning.} 34. Rb8 Rxh2 35. Nd8 Rb5 36. b7 Rhb2 {Weighted Error Value: White=0.49/Black=0.02 (flawless)} 0-1

[Event "Marmaris Karya-14 IM 2022"]
[Site "Icmeler-Marmaris"]
[Date "2022.01.31"]
[Round "7.3"]
[White "Ozsakallioglu, Okan"]
[Black "Darban, Morteza"]
[Result "1/2-1/2"]
[WhiteElo "2179"]
[BlackElo "2261"]
[Annotator "TA"]
[PlyCount "61"]
[EventDate "2022.02.01"]
[EventType "schev"]
[EventCountry "TUR"]
[SourceTitle "playchess.com"]
[Source "ChessBase"]
[SourceQuality "1"]

{[%evp 12,61,40,36,59,35,39,51,43,19,29,0,17,19,0,0,0,0,0,0,0,0,0,0,0,-14,-11,-33,0,0,0,0,0,0,0,0,0,0,0,0,5,0,0,0,0,0,8,8,8,4,15,8]} 1. e4 c5 2. Nf3 a6 3. c3 {[%cal Bc2c3,Bc3c4][%mdl 32]} d5 4. exd5 Qxd5 5. d4 Nf6 6. Be2 e6 7. O-O Nbd7 {B28: Sicilian: 2 Nf3 a6 (O'Kelly Variation).} 8. c4 Qc6 9. Nc3 cxd4 {White is slightly better.} 10. Nxd4 Qc7 11. a3 Be7 $1 {[#]} 12. Qa4 $146 ({Predecessor:} 12. b4 O-O 13. Qb3 b6 14. Rd1 Bb7 15. Be3 Rac8 16. Rac1 Rfe8 17. Na4 Qb8 18. Rc2 {½-½ (38) Medarde Santiago,L (2009)-Barlov,D (2450) Sanxenxo 2012}) 12... O-O 13. b4 Bd6 14. h3 b6 {Prevents c5.} 15. Be3 Bb7 16. Qb3 Bh2+ 17. Kh1 Bf4 18. Nc2 Rfd8 (18... Qc6 $2 19. Bf3 Qc7 20. Bxf4 Qxf4 21. Bxb7 $18) 19. Rad1 Bxe3 (19... Qc6 $2 20. Bf3 Qc8 21. Bxb7 Qxb7 22. Bxf4 $18) (19... Nf8 {keeps more tension.} 20. Bd3 Be5 21. Na4 b5 22. Nc5 Bc6) 20. Nxe3 {The position is equal.} Ne5 21. Rxd8+ Rxd8 22. Rd1 Nc6 23. Rxd8+ Qxd8 24. Qd1 Qxd1+ 25. Bxd1 Nd4 26. Ne2 Nxe2 27. Bxe2 Kf8 28. Kg1 Nd7 29. f4 Ke7 30. Kf2 Kd6 31. Bf3 {Weighted Error Value: White=0.05 (flawless) /Black=0.03 (flawless)} 1/2-1/2

[Event "Marmaris Karya-14 IM 2022"]
[Site "Icmeler-Marmaris"]
[Date "2022.01.31"]
[Round "7.4"]
[White "Gunduz, Umut Erdem"]
[Black "Ahmad, Al Khatib"]
[Result "1-0"]
[WhiteElo "2252"]
[BlackElo "2218"]
[Annotator "TA"]
[PlyCount "75"]
[EventDate "2022.02.01"]
[EventType "schev"]
[EventCountry "TUR"]
[SourceTitle "playchess.com"]
[Source "ChessBase"]
[SourceQuality "1"]

{[%evp 15,75,41,40,59,45,23,19,27,23,27,41,15,10,10,11,19,47,65,78,73,157,127,165,143,143,132,157,104,99,69,72,86,81,6,27,30,23,0,695,767,743,743,828,870,846,877,877,847,842,842,832,818,485,799,29978,29979,29981,29982,29976,29973,29995,29996]} 1. e4 c5 2. Nf3 Nc6 3. d4 cxd4 4. Nxd4 Nf6 5. Nc3 e5 6. Ndb5 d6 7. Bg5 a6 8. Na3 Be6 9. Nc4 {B33: Sicilian: Pelikan and Sveshnikov Variations.} Rb8 10. Nd5 Bxd5 11. exd5 {The position is equal.} Ne7 12. Bxf6 gxf6 {[#]} 13. Qd2 $146 ({Predecessor:} 13. a4 f5 14. a5 Bg7 15. g4 f4 16. Bg2 Rc8 17. Qd3 Rc5 18. Be4 Qc7 19. b3 {1-0 (35) Kryvoruchko,Y (2693)-Iturrizaga Bonelli,E (2650) Monzon 2016}) 13... b5 14. Ne3 Bh6 15. O-O-O Rc8 16. g3 {[%cal Of2f4]} Rc5 17. f4 $1 Qc8 (17... exf4 $142 18. Ng4 Bg7 19. gxf4 Rxd5) 18. Qf2 $1 $16 f5 19. Kb1 e4 20. Bh3 {[%cal Bf1h3,Bh3f5,Bf5g6,Bg6f7,Bf7e6][%mdl 32]} Bg7 21. Qe2 (21. Rhe1 $142) 21... O-O 22. Qh5 {[%cal Re3f5]} Qd8 23. Bxf5 {[%csl Gf5][%cal Rh5h7] White is more active.} Ng6 24. Ng4 {Inhibits Qf6.} (24. Bxe4 $2 Qf6 25. c3 Rxc3 $1 $19 {[%mdl 512]}) (24. c3 $16) 24... Qa5 {[%cal Og7b2] White must now prevent ...Bxb2!} 25. Nh6+ $1 ({Avoid the trap} 25. Bxe4 $2 Qb4 26. Ne5 (26. Nh6+ $2 Kh8 $19) 26... dxe5 27. Bxg6 fxg6 $19) 25... Kh8 $1 {[%cal Og7b2]} 26. c3 $40 {[%mdl 128] White attacks.} ({Not} 26. Bxe4 $2 Qb4 27. c3 Qxe4+ 28. Ka1 Rxc3 $1 $19 {[%mdl 512]}) 26... b4 $2 {[%mdl 8192] [#]} (26... Bxc3 $11 27. bxc3 Qxc3) 27. Nxf7+ $1 $18 {[%mdl 512]} Rxf7 28. Bxg6 {[%csl Gg6][%cal Rh5h7]} h6 29. Bxf7 bxc3 {[#]} 30. Rc1 $1 c2+ 31. Rxc2 Rxc2 32. Kxc2 {[%cal Bb1c2,Bc2d1,Bd1e2,Be2f2,Bf2g2,Bg2h3][%mdl 32] aiming for Qf5.} Qxa2 33. Be6 {Qe8+ would kill now.} Qxb2+ 34. Kd1 {Threatening mate with Qe8+.} Qb1+ 35. Ke2 {White mates.} Qd3+ 36. Kf2 Bd4+ 37. Kg2 {[%cal Rh5h6]} Qd2+ 38. Kh3 {Weighted Error Value: White=0.10 (very precise) /Black=0.49} 1-0